Score 0/300 Timer 20:00
0 Plays Today
1955 Baby Names % Correct
5.John
96.8%
1.Michael
96%
3.James
95.8%
2.David
95.7%
34.Frank
95.5%
16.Paul
95%
35.Peter
95%
4.Robert
94.7%
136.Dan
94.7%
6.William
94.3%
89.Harry
94.2%
17.Daniel
93.8%
11.Charles
93.3%
61.Henry
93.3%
72.Steve
93.3%
104.Jose
93%
25.Edward
92.8%
26.George
92.7%
125.Don
92.3%
8.Thomas
92.2%
171.Bill
92.2%
247.Bob
92.2%
13.Joseph
92%
21.Stephen
92%
49.Christopher
92%
7.Richard
91.8%
140.Chris
91.8%
273.Andre
91.8%
10.Steven
91.7%
97.Fred
91.7%
14.Donald
91.2%
166.Jim
91.2%
9.Mark
91%
114.Jon
90.8%
60.Jack
90.7%
47.Carl
90.5%
69.Billy
90.5%
180.Tom
90.5%
263.Alex
90.5%
15.Kenneth
90.3%
31.Anthony
90.3%
66.Andrew
90.3%
68.Joe
90.2%
78.Jimmy
90%
184.Charlie
90%
18.Ronald
89.8%
75.Bobby
89.8%
208.Alexander
89.8%
253.Ben
89.7%
41.Patrick
89.2%
43.Alan
89.2%
12.Gary
89%
55.Johnny
89%
175.Leo
89%
116.Jonathan
88.8%
212.Tim
88.8%
237.Sam
88.8%
132.Benjamin
88.7%
63.Harold
88.5%
123.Mike
88.5%
143.Leon
88.5%
71.Samuel
88%
22.Timothy
87.8%
86.Frederick
87.7%
88.Leonard
87.7%
101.Victor
87.5%
45.Danny
87.3%
108.Tommy
87.3%
109.Rick
87.3%
27.Kevin
87%
40.Brian
86.8%
19.Larry
86.7%
105.Matthew
86.7%
74.Phillip
86.5%
84.Allen
86.3%
33.Jerry
86.2%
92.Eddie
86.2%
113.Ray
86%
77.Martin
85.8%
210.Greg
85.8%
48.Gerald
85.7%
76.Albert
85.7%
99.Vincent
85.7%
221.Dave
85.7%
24.Gregory
85.2%
126.Marc
85%
36.Raymond
84.8%
100.Francis
84.7%
42.Lawrence
83.7%
141.Nicholas
83.7%
85.Eric
83.5%
62.Philip
83.3%
51.Walter
83.2%
182.Jeff
83.2%
54.Willie
83%
56.Arthur
83%
23.Dennis
82.3%
93.Tony
82%
120.Theodore
82%
20.Jeffrey
81.2%
1955 Baby Names % Correct
29.Douglas
81.2%
153.Brad
81%
167.Carlos
80.8%
46.Ricky
80.7%
169.Donnie
80.2%
82.Louis
80%
80.Ronnie
79.8%
102.Norman
79.8%
107.Bradley
79.8%
28.Terry
79.3%
176.Bryan
79.3%
228.Marcus
79.2%
124.Edwin
78.8%
44.Wayne
78.5%
39.Keith
78.3%
65.Stanley
78.3%
271.Joey
78.2%
38.Scott
78%
211.Oscar
78%
96.Lee
77.2%
161.Juan
77.2%
58.Roy
76.8%
119.Alfred
76.8%
187.Freddie
76.8%
232.Nathan
76.8%
32.Bruce
76.7%
94.Marvin
76.5%
217.Aaron
76.3%
163.Franklin
76%
70.Barry
75.8%
83.Howard
75.7%
130.Glen
75.3%
127.Bernard
75%
30.Randy
74.8%
111.Dean
74.8%
131.Warren
74.8%
157.Allan
74.7%
291.Grant
74.7%
57.Russell
74.3%
233.Edgar
74.2%
207.Antonio
74%
134.Alvin
73.7%
160.Lewis
73.5%
37.Roger
73.3%
196.Nathaniel
72.8%
110.Calvin
72.7%
197.Arnold
72.5%
50.Craig
72%
59.Glenn
72%
95.Melvin
72%
67.Ralph
71.5%
128.Gordon
71.2%
81.Eugene
71%
149.Karl
71%
151.Wesley
71%
236.Hugh
70.8%
122.Jesse
70.7%
189.Ted
70%
118.Clifford
69.8%
272.Kenny
69.8%
214.Randal
69.7%
276.Troy
69.7%
73.Jeffery
69.3%
159.Neil
69.3%
188.Johnnie
68.5%
121.Joel
68.3%
257.Max
68.3%
138.Leslie
68.2%
251.Sammy
68%
106.Earl
67.5%
168.Lester
67.3%
117.Clarence
67.2%
252.Roberto
66.3%
53.Randall
66.2%
103.Jay
66.2%
144.Reginald
66.2%
90.Ernest
66%
129.Herbert
66%
137.Mitchell
65.8%
224.Ross
65.8%
64.Rodney
65.7%
289.Darrel
65.7%
300.Dwayne
65.5%
203.Chester
65.2%
245.Morris
64.8%
112.Jerome
64.7%
241.Jesus
64.7%
147.Lloyd
64.5%
152.Gene
64.3%
266.Frankie
64%
226.Luis
63.8%
146.Vernon
63.5%
244.Benny
63.5%
192.Jimmie
63.3%
293.Miguel
62.8%
52.Dale
62.7%
165.Floyd
62.7%
234.Clayton
62.7%
79.Curtis
62.3%
142.Dwight
61.8%
1955 Baby Names % Correct
265.Geoffrey
61.3%
295.Edmund
61.3%
231.Wallace
61.2%
133.Leroy
60.7%
223.Lance
60.7%
194.Herman
60.5%
216.Ricardo
60.5%
173.Todd
60.2%
164.Clyde
60%
206.Maurice
60%
135.Duane
59.8%
170.Manuel
59.7%
186.Milton
59.2%
243.Clinton
58.8%
150.Kurt
58.7%
229.Jessie
58.7%
193.Brent
58.5%
91.Darrell
58.3%
225.Sidney
58.3%
181.Terrence
57.8%
199.Harvey
57.7%
260.Elmer
57.7%
139.Garry
57.3%
255.Clark
56.8%
222.Byron
56.7%
87.Micheal
56.5%
205.Cecil
56.5%
185.Darryl
56.3%
158.Robin
55.8%
220.Neal
55.8%
154.Gilbert
55.3%
235.Nelson
55.3%
148.Jackie
55%
213.Terrance
54.7%
254.Francisco
54.5%
298.Ramon
54%
219.Mario
53.8%
284.Laurence
53.7%
191.Rex
53.5%
183.Perry
53.2%
287.Marty
53.2%
190.Stuart
53%
202.Roland
53%
204.Kelly
53%
242.Wade
52.8%
250.Terence
52.3%
162.Randolph
52%
174.Kerry
52%
155.Lonnie
51.8%
285.Mickey
51.8%
209.Fredrick
51.7%
264.Everett
51.5%
178.Daryl
51.3%
218.Claude
51.3%
278.Derrick
51.3%
239.Rickie
51%
172.Kirk
50.8%
179.Gerard
50.7%
246.Lyle
50%
248.Hector
49.8%
259.Otis
49.2%
286.Stewart
49%
292.Julius
49%
145.Guy
48.7%
296.Malcolm
48.3%
279.Rudolph
47.7%
156.Kent
47.5%
215.Marshall
47.5%
256.Bennie
47.5%
98.Kim
47.3%
277.Rudy
47.2%
227.Clifton
46.7%
269.Luther
46.5%
290.Myron
46.3%
201.Tyrone
45.8%
200.Ruben
45.7%
297.Sherman
45.3%
238.Carlton
45.2%
283.Sylvester
44.7%
270.Virgil
44%
230.Wendell
43.8%
195.Lynn
43.7%
274.Ira
42.8%
261.Loren
42.5%
177.Dana
42%
258.Willard
41.5%
198.Gregg
41.3%
282.Roderick
41.3%
115.Rickey
40.8%
280.Delbert
40.5%
267.Earnest
39.7%
288.Alton
39.3%
262.Marion
37.3%
275.Salvatore
37.2%
268.Bradford
37%
240.Rocky
35.3%
249.Raul
35%
281.Jan
32.3%
299.Roosevelt
30.7%
294.Armando
30.2%
Remove Ads.
Support Sporcle.
Get the best of Sporcle when you Go Orange. This ad-free experience offers more features, more stats, and more fun while also helping to support Sporcle. Thank you for becoming a member.

You're not logged in!

Compare scores with friends on all Sporcle quizzes.
OR
Log In

Show Comments

Extras

Created Sep 9, 2017ReportNominate
Tags:1955, 300, Baby, Boy

Top Quizzes Today


Score Distribution

Your Account Isn't Verified!

In order to create a playlist on Sporcle, you need to verify the email address you used during registration. Go to your Sporcle Settings to finish the process.

Report this User

Report this user for behavior that violates our Community Guidelines.

Details: